000
00323 a2200133 4500
000
nam a22 7a 4500
100
_a
Richard Backard
110
_a
Richard Backard
245
_a
Quantum Mechanics: Concepts And Applications
250
_a
latest edition
260
_b
R P
_c
2026
264
_b
R P
_c
2026
942
_c
BK
999
_c
396381
_d
396381